000 01707cam a22003614a 4500
001 000018071
005 20200929165336.0
008 020916s2001 it b f101 0 ita d
020 _a8871252144
040 _aDO-SdBNP
_bita
_cLC
_dBNPHU
050 0 0 _aDG812
_b.R75 2001
082 _ann*
_bR756
245 0 0 _aRoma di fronte all'Europa al tempo di Alessandro VI :
_batti del convegno (Citta del Vaticano-Roma, 1-4 dicembre 1999) /
_cedición M. Chiabo ... [et al.].
246 1 _iTitle on jacket:
_aAlessandro VI Borgia
260 _aRoma :
_bMinistero per i Beni e le Attivita Culturali, Direzione Generale per gli Archivi :
_bVendita, Istituto poligrafico e Zecca dello Stato,
_c2001.
300 _av. ;
_c24 cm.
490 1 _aPubblicazioni Degli Archivi di Stato.
_aSaggi ;
_v68
500 _ala biblioteca sólo posee el volumen 1.
546 _aItalian, French, and Spanish.
500 _a"Comité Nacional de reuniones conducentes a la V centenario del pontificado de Alejandro VI (1492-1503)".
504 _aIncluye referencias bibliográficas e índice.
651 0 _aRome (Italy{Rpara}
_xHistory
_y1420-1798
_vCongresses.
_939163
651 0 _aPapal States
_xHistory
_y1417-1605
_vCongresses.
_939164
600 0 0 _aAlexander
_bVI,
_cPope,
_d1431-1503
_vCongresses.
_939165
700 1 _aChiabò, Maria,
_eed.
_939166
700 1 _aMaddalo, S.,
_eed.
_939167
700 1 _aMiglio, M.,
_eed.
_939168
700 1 _aOliva, A. M.,
_eed.
_939169
710 1 _aComitato nazionale incontri di studio per il V centenario del pontificato di Alessandro VI (1492-1503).
_939170
830 0 _aPubblicazioni Degli Archivi di Stato.
_pSaggi ;
_v68
_93896
910 _aCatalogación por copia / LC
049 _aBNGR
999 _c17593
_d17593